00744nam a2200253 a 4500001001300000003000900013005001700022008004100039020002300080082001700103100002100120245003900141260003300180300000900213500003500222505002400257650002700281650001300308700002100321902000800342942000700350952011800357999001500475nice12345678IN_TiNIC20260116013152.0050524s1988 newa grp 000 0 eng  a0883440 c98000a230.046bSHO aShorter, Aylward aToward a Theology of Inculturation aNew YorkbOrbis Books c1988 a291p aincludes index and biblioraphy2 aBibliography, Index aTheology-Inculturation aMissions1 aShorter, Aylward bSRS cBK 001040708StackRoom-aHMIbHMId2007-08-01g980.00l0o230.046 SHOp017130r2007-08-01v980.00w2005-05-24yBK c9955d9955